000 00856cab a2200265 4500
001 ABS57565
008 090401t1997 xxu||||| |||| 00| 0 eng d
035 _a(Sirsi) u80819
041 _aeng
100 _aDavidson, C.
245 _aLook after the subcontractors
260 _c1997
350 _a0
490 _aContract Journal
_v390(6140) 27 August 1997, 12-13(2)
520 _aDiscusses how the decline in the profitability of subcontractors could be halted if main contractors took a longer term view and built better business relationships.
650 _aBUSINESS RELATIONSHIPS
650 _aCONTRACTORS
650 _aPROFITABILITY
650 _aSKILLS SHORTAGE
650 _aSUBCONTRACTORS
650 _aCAREERS, EDUCATION AND TRAINING
690 _aBUILT ENVIRONMENT-BUILDING CONTRACT FORMS
942 _n0
948 _c12/09/1997
999 _c50899
_d50899